000 00315nam a2200121Ia 4500
008 170224s9999 xx 000 0 und d
245 _aPraxbind Available as Antidote to Bleeding from Pradaxa
260 _bAmerican Journal of Nursing
260 _c2016
300 _a116:6
500 _aJune
650 _xNursing.
999 _c316963
_d316963